[Event "AUTO-INT-1597"]
[Site "http://www.queenalice.com/game.php?id=754574"]
[Date "2010.3.31"]
[Round "2"]
[White "pavol1090321"]
[Black "brido83"]
[Result "1-0"]
[WhiteElo "1926"]
[BlackElo "1773"]

1. e4 e6 2. g3 d5 3. Bg2 c5 4. d3 Nc6 5. b3 Bd7 6. exd5 exd5 7. Bxd5 Nf6 8. Bg2
Be7 9. Bb2 O-O 10. Nd2 Re8 11. Ne2 Qc7 12. h3 Rad8 13. O-O Qc8 14. Ne4 Bxh3 15.
Nxf6+ Bxf6 16. Bxf6 gxf6 17. Nf4 Bxg2 18. Kxg2 Qf5 19. Rh1 Nd4 20. Rh5 Qc8 21.
Rh6 Qc6+ 22. Kf1 Nf3 23. Ne2 Ng5 24. Ng1 Qe6 25. Qh5 Qe5 26. Rb1 Qc3 27. f4 Qxc2
28. Qd1 Qxd3+ 29. Qxd3 Rxd3 30. fxg5 fxg5 31. g4 Rg3 32. Rc1 b6 33. Kf2 Rxg4 34.
Nf3 Rf4 35. Kg3 Re2 36. Nxg5 Rd4 37. Kf3 Rxa2 38. Rxh7 Rd3+ 39. Ke4 Rg3 40. Rh5
Rxb3 41. Rg1 Ra4+ 42. Kd5 Rd3+ 43. Kc6 Kf8 44. Nh7+ Ke7 45. Re5+ 1-0

[Event "AUTO-INT-1597"]
[Site "http://www.queenalice.com/game.php?id=754575"]
[Date "2010.3.31"]
[Round "2"]
[White "brido83"]
[Black "pavol1090321"]
[Result "1-0"]
[WhiteElo "1763"]
[BlackElo "1936"]

1. e4 e5 2. Nf3 Qf6 3. Bc4 Bc5 4. Nc3 c6 5. O-O d6 6. d3 Qg6 7. Ng5 Be6 8. Nxe6
fxe6 9. Qf3 Ne7 10. Na4 b5 11. Nxc5 bxc4 12. Nb7 d5 13. exd5 e4 14. dxe4 cxd5
15. exd5 Nxd5 16. Nd6+ Kd7 17. Nxc4 Na6 18. Ne5+ Kd6 19. Nxg6 hxg6 20. Qg3+ Kd7
21. Qxg6 Kd6 22. Rd1 Nc7 23. Bf4+ Kc6 24. Bxc7 Nxc7 25. Qxg7 Rhd8 26. Qc3+ Kb7
27. Qb4+ Kc8 28. Rxd8+ Kxd8 29. Qb7 Rc8 30. Rd1+ Nd5 31. Qxa7 Rxc2 32. Qa5+ Ke7
33. Qa3+ Kf7 34. Qb3 Rc7 35. Qa4 Rb7 36. b3 Nc3 37. Rd7+ Rxd7 38. Qxd7+ 1-0

[Event "AUTO-INT-1599"]
[Site "http://www.queenalice.com/game.php?id=762220"]
[Date "2010.4.17"]
[Round "2"]
[White "Peppone"]
[Black "pavol1090321"]
[Result "0-1"]
[WhiteElo "1813"]
[BlackElo "1907"]

1. d4 d5 2. c4 dxc4 3. Nc3 b6 4. e4 Ba6 5. Qa4+ b5 6. Nxb5 c6 7. Nc3 Qxd4 8. Nf3
Qb6 9. Bxc4 e6 10. O-O Bb4 11. Bxa6 Bxc3 12. Bc8 Bxb2 0-1

[Event "AUTO-INT-1599"]
[Site "http://www.queenalice.com/game.php?id=762221"]
[Date "2010.4.17"]
[Round "2"]
[White "pavol1090321"]
[Black "Peppone"]
[Result "1-0"]
[WhiteElo "1894"]
[BlackElo "1826"]

1. e4 c5 2. Bc4 Nc6 3. Qh5 e6 4. d3 Nf6 5. Qf3 Ne5 6. Qh3 Nxc4 7. dxc4 d5 8.
exd5 exd5 9. Qe3+ Qe7 10. Qxe7+ Bxe7 11. cxd5 Nxd5 12. h3 1-0

[Event "AUTO-INT-1599"]
[Site "http://www.queenalice.com/game.php?id=762226"]
[Date "2010.4.17"]
[Round "2"]
[White "pavol1090321"]
[Black "fhsantanna"]
[Result "1-0"]
[WhiteElo "1888"]
[BlackElo "1833"]

1. e4 e5 2. Bc4 Nf6 3. Qf3 Nc6 4. Ne2 Bc5 5. d3 O-O 6. Bg5 Be7 7. h4 d6 8. Bxf6
Bxf6 9. h5 h6 10. Nbc3 Nb4 11. O-O-O c6 12. a3 Na6 13. Qg3 Re8 14. f4 exf4 15.
Nxf4 Bg5 16. Kb1 Qf6 17. Rdf1 Qe5 18. Bxf7+ Kxf7 19. Ng6+ Bf6 20. Nxe5+ Rxe5 21.
Qg6+ Kg8 22. Rxf6 Rg5 23. Qe8+ Kh7 24. Rf8 1-0

[Event "AUTO-INT-1599"]
[Site "http://www.queenalice.com/game.php?id=762227"]
[Date "2010.4.17"]
[Round "2"]
[White "fhsantanna"]
[Black "pavol1090321"]
[Result "1-0"]
[WhiteElo "1819"]
[BlackElo "1913"]

1. e4 e5 2. Nf3 d5 3. exd5 Qxd5 4. Nc3 Qe6 5. Bb5+ c6 6. Ba4 Qg4 7. O-O e4 8.
Nxe4 Bf5 9. d3 Be7 10. Re1 Nf6 11. Nd6+ Kf8 12. Nxb7 h5 13. Bb3 h4 14. h3 Qb4
15. Bg5 Qxb7 16. Nxh4 Qd7 17. Bxf6 Bxf6 18. Nxf5 Qxf5 19. Qe2 Nd7 20. Ba4 Bxb2
21. Qe7+ Kg8 22. Bxc6 Bxa1 23. Bxa8 Bf6 24. Qb4 Rh6 25. Re8+ Kh7 26. Be4 Qxe4
27. Qxe4+ Rg6 28. Qa8 Kh6 29. Rh8+ Kg5 30. Qd5+ Be5 31. Qxd7 Kf6 32. Qd8+ Ke6
33. d4 Bf4 34. Re8+ Kf5 35. g4+ Rxg4+ 36. hxg4+ Kxg4 37. Qd7+ f5 38. Kg2 g6 39.
f3+ 1-0

[Event "AUTO-INT-1599"]
[Site "http://www.queenalice.com/game.php?id=762228"]
[Date "2010.4.17"]
[Round "2"]
[White "pavol1090321"]
[Black "Adinirso"]
[Result "1-0"]
[WhiteElo "1905"]
[BlackElo "1457"]

1. e4 e5 2. Bc4 h6 3. Qh5 Qe7 4. Nf3 d6 5. O-O Nf6 6. Qxf7+ Qxf7 7. Bxf7+ Kxf7
8. d3 Nc6 9. c3 Be7 10. h3 b6 11. Be3 Rd8 12. Nbd2 Be6 13. b4 d5 14. a3 dxe4 15.
dxe4 Rd3 16. Rac1 g5 17. Kh2 Rad8 18. Bxg5 Kg6 19. Bh4 R8d7 20. b5 Nd8 21. Nxe5+
Kh5 22. Nxd3 Rxd3 23. Rcd1 Kxh4 24. Nf3+ Rxf3 25. gxf3 Bxh3 26. Rg1 Bd6+ 27. Kh1
Nh5 28. Rg6 Nf7 29. e5 Bxe5 30. Rdg1 Bf5 31. Rg8 Bxc3 32. Kh2 Ng5 33. R1xg5 hxg5
34. Kg1 Bb2 35. Rf8 Bd3 36. a4 Nf4 37. Rc8 Nh3+ 38. Kg2 1-0

[Event "AUTO-INT-1599"]
[Site "http://www.queenalice.com/game.php?id=762229"]
[Date "2010.4.17"]
[Round "2"]
[White "Adinirso"]
[Black "pavol1090321"]
[Result "1-0"]
[WhiteElo "1721"]
[BlackElo "1893"]

1. e4 e5 2. c4 Bc5 3. h3 Qh4 4. Qe2 Nf6 5. d3 g5 6. Nf3 Qh6 7. Bxg5 Qg7 8. Qd2
d6 9. Nc3 c6 10. Bxf6 Qxf6 11. Be2 h6 12. O-O Rg8 13. g4 Na6 14. a3 Qf4 15. Qxf4
exf4 16. b4 Bb6 17. Nd2 h5 18. Kg2 f5 19. f3 fxg4 20. fxg4 hxg4 21. Bxg4 Bxg4
22. hxg4 Rxg4+ 23. Kf3 Rg3+ 24. Ke2 Rg2+ 25. Ke1 Bd4 26. Rc1 Be3 27. Rd1 O-O-O
28. Nf3 Rh8 29. Ne2 Nc7 30. d4 b5 31. c5 Bf2+ 32. Rxf2 Rxf2 33. Kxf2 dxc5 34.
dxc5 Rf8 35. e5 Nd5 36. Nfd4 Kc7 37. Ne6+ Kb7 38. Nxf8 Kc8 39. Ne6 1-0

[Event "AUTO-INT-1597"]
[Site "http://www.queenalice.com/game.php?id=797438"]
[Date "2010.7.1"]
[Round "3"]
[White "pavol1090321"]
[Black "dorszu"]
[Result "1-0"]
[WhiteElo "1889"]
[BlackElo "1723"]

1. e4 c5 2. Bc4 a6 3. Qf3 e6 4. Ne2 b5 5. e5 Nc6 6. Bd3 Bb7 7. Be4 Nh6 8. Qg3 d6
9. exd6 Qxd6 10. O-O Qxg3 11. Nxg3 Bd6 12. d3 O-O-O 13. Bxh6 gxh6 14. Nd2 f5 15.
Bxc6 Bxc6 16. Nh5 Rhg8 17. f3 Rg5 18. Nf6 Rg7 19. Rae1 Bd5 20. Nxd5 exd5 21. Rf2
h5 22. h3 Kd7 23. f4 h4 24. Nf3 Bxf4 25. Ne5+ Bxe5 26. Rxe5 Kc6 27. Rexf5 Rdg8
28. Rf6+ Kc7 29. Rxa6 Rg5 30. Rh6 R8g7 31. Rxh4 Kb6 32. b3 h5 33. Kf1 Re7 34. a3
Rge5 35. g4 hxg4 36. Rxg4 Rh7 37. Rg3 d4 38. b4 c4 39. Rf4 Reh5 40. Kg2 Rd7 41.
Rgg4 Rhd5 42. Rg3 c3 43. Rg6+ Kb7 44. h4 Re5 45. Kf2 Kc7 46. Ra6 Rd6 47. Rf7+
Rd7 48. Ra7+ Kc6 49. Raxd7 Rh5 50. Rxd4 Rh6 51. Re4 1-0

[Event "AUTO-INT-1597"]
[Site "http://www.queenalice.com/game.php?id=797439"]
[Date "2010.7.1"]
[Round "3"]
[White "dorszu"]
[Black "pavol1090321"]
[Result "1/2-1/2"]
[WhiteElo "1723"]
[BlackElo "1928"]

1. c4 e6 2. a3 d5 3. e3 g6 4. Nf3 Bg7 5. d4 Ne7 6. Bd3 Nbc6 7. O-O h5 8. Nc3 b6
9. b4 dxc4 10. Bxc4 Nf5 11. e4 Nh4 12. g3 Nxf3+ 13. Qxf3 Nxd4 14. Qd1 e5 15.
Bb5+ Bd7 16. Bxd7+ Qxd7 17. Kg2 c6 18. Be3 Bh6 19. Bxh6 Rxh6 20. Rc1 Ke7 21. Ne2
h4 22. Nxd4 exd4 23. h3 hxg3 24. fxg3 Qxh3+ 25. Kf2 Qh2+ 26. Kf3 Qh5+ 27. Kf2
Qe5 28. Rxc6 Rah8 29. Kf3 Rh3 30. Rg1 f5 31. Qc2 Rd8 32. Rc7+ Rd7 33. Rxd7+ Kxd7
34. a4 f4 35. Rg2 fxg3 36. Qd3 Qh5+ 1/2-1/2

[Event "AUTO-ADV-1703"]
[Site "http://www.queenalice.com/game.php?id=821518"]
[Date "2010.8.22"]
[Round "2"]
[White "gedalias"]
[Black "pavol1090321"]
[Result "1-0"]
[WhiteElo "2039"]
[BlackElo "1899"]

1. e4 e5 2. Nf3 Qf6 3. Nc3 c6 4. d4 exd4 5. Nxd4 Bc5 6. Be3 Nh6 7. Be2 d6 8. h3
g5 9. g4 Be6 10. Qd2 Bb6 11. Na4 Nd7 12. Nxb6 axb6 13. Bxg5 Qg6 14. Bxh6 Qxe4
15. O-O Bd5 16. Bf3 Qe7 17. Bxd5 cxd5 18. Nf5 Qd8 19. Nxd6+ Ke7 20. Qxd5 Qg8 21.
Rae1+ Kd8 22. Bg5+ 1-0

[Event "AUTO-ADV-1703"]
[Site "http://www.queenalice.com/game.php?id=821519"]
[Date "2010.8.22"]
[Round "2"]
[White "pavol1090321"]
[Black "gedalias"]
[Result "0-1"]
[WhiteElo "1902"]
[BlackElo "2071"]

1. e4 c5 2. Bc4 Nc6 3. Qh5 e6 4. Na3 Nf6 5. Qf3 Ne5 6. Qf4 Bd6 7. d3 Nxd3+ 8.
Bxd3 Bxf4 9. Bxf4 d6 10. Bg5 O-O 11. f4 Qa5+ 12. c3 Nd7 13. Be7 Re8 14. Bxd6 Nb6
15. Bc7 c4 16. Nxc4 Qh5 17. Bxb6 axb6 18. Nxb6 Ra7 19. a3 Qg4 20. g3 e5 21. Nd5
exf4 22. Nxf4 Bf5 23. Be2 Qg5 24. exf5 Qxf5 25. Rc1 Qe4 26. Kd2 Rd8+ 27. Nd3
Qxh1 28. Nf3 Qg2 29. Re1 Qh3 30. Kd1 b6 31. Kc2 Re7 32. Nf4 Qd7 33. Bb5 Qf5+ 34.
Bd3 Qd7 35. Ne5 Qc7 36. Nf3 Rxe1 37. Nxe1 Qc5 38. Ne2 Qe3 39. Kd1 Rxd3+ 40. Nxd3
Qxd3+ 41. Ke1 Qb1+ 42. Kf2 Qxb2 43. Kf3 Qxa3 44. Kf2 g5 45. Kf3 h5 46. Kg2 Qc5
47. Kf1 f5 48. h3 f4 49. gxf4 gxf4 50. Nxf4 Qxc3 0-1

[Event "AUTO-ADV-1703"]
[Site "http://www.queenalice.com/game.php?id=821526"]
[Date "2010.8.22"]
[Round "2"]
[White "pavol1090321"]
[Black "Flashinho"]
[Result "1-0"]
[WhiteElo "1923"]
[BlackElo "1929"]

1. e4 e5 2. Qh5 d6 3. Bc4 g6 4. Qf3 Nf6 5. h3 h5 6. d3 Nc6 7. c3 Na5 8. Bg5 Nxc4
9. Bxf6 Be7 10. Bxh8 Nxb2 11. g4 Kd7 12. Bg7 Qg8 13. Bh6 g5 14. gxh5 Qh7 15.
Bxg5 Bxg5 16. a4 Ke8 17. Qe2 Bc1 18. Qc2 Qh6 19. Ne2 Be6 20. Nxc1 Qxc1+ 21. Qxc1
Nxd3+ 22. Kd2 Nxc1 23. Kxc1 d5 24. f3 Ke7 25. Nd2 Rd8 26. h6 Rh8 27. Rb1 b6 28.
h4 Rxh6 29. Kc2 dxe4 30. fxe4 f5 31. Rbf1 Rh5 32. Kd3 a6 33. c4 f4 34. Nf3 c6
35. Rb1 Bg4 36. Ke2 Kd6 37. Rbg1 Bxf3+ 38. Kxf3 Kc5 39. Rg5 Rh8 40. Rxe5+ Kxc4
41. h5 Kb4 42. Rb1+ Kxa4 43. Rxb6 Rg8 44. Rxa6+ Kb4 45. Rxc6 1-0

[Event "AUTO-ADV-1703"]
[Site "http://www.queenalice.com/game.php?id=821527"]
[Date "2010.8.22"]
[Round "2"]
[White "Flashinho"]
[Black "pavol1090321"]
[Result "1-0"]
[WhiteElo "1908"]
[BlackElo "1916"]

1. d4 d5 2. c4 dxc4 3. e4 e5 4. Nf3 exd4 5. Qa4+ Nc6 6. Bxc4 Bb4+ 7. Bd2 Bxd2+
8. Nbxd2 Bg4 9. O-O Nh6 10. Ne5 Qd6 11. Nxc6 bxc6 12. e5 Qg6 13. e6 Ke7 14. Qxc6
fxe6 15. Qxc7+ Kf6 16. f3 Bh3 17. Ne4+ Kf5 18. g4+ Nxg4 19. fxg4+ Kxg4 20. Qg3+
Kh5 21. Be2+ Kh6 22. Rf4 Qxg3+ 23. hxg3 Kg6 24. Rh4 Bf5 25. Bh5+ Kh6 26. Bf7#
1-0

[Event "AUTO-OPEN-1875"]
[Site "http://www.queenalice.com/game.php?id=825800"]
[Date "2010.8.31"]
[Round "2"]
[White "kamikaze"]
[Black "pavol1090321"]
[Result "1-0"]
[WhiteElo "1924"]
[BlackElo "1863"]

1. d4 d5 2. Bf4 Nc6 3. e3 a6 4. c4 e6 5. cxd5 exd5 6. Nc3 g5 7. Bg3 Bg7 8. Nf3
Nf6 9. Nxg5 Ng4 10. Nf3 Nh6 11. Be2 O-O 12. O-O Bf5 13. a3 b5 14. h3 Qd7 15. Rc1
Bxh3 16. gxh3 Qxh3 17. Nh2 f5 18. Bf3 Ng4 19. Bxd5+ 1-0

[Event "AUTO-OPEN-1875"]
[Site "http://www.queenalice.com/game.php?id=825801"]
[Date "2010.8.31"]
[Round "2"]
[White "pavol1090321"]
[Black "kamikaze"]
[Result "0-1"]
[WhiteElo "1849"]
[BlackElo "1938"]

1. e4 e5 2. Qh5 Nc6 3. Bc4 g6 4. Qf3 Nf6 5. c3 Bg7 6. d3 d6 7. h3 Na5 8. Bb5+ c6
9. Ba4 b5 10. Bc2 c5 11. Bg5 O-O 12. h4 h6 13. Bxf6 Bxf6 14. g3 Bg7 15. Nd2 Be6
16. Nh3 Bxh3 17. Rxh3 Nc6 18. O-O-O b4 19. c4 a5 20. Ba4 Nd4 21. Qe3 f5 0-1

[Event "Slovakia & Poland"]
[Site "http://www.queenalice.com/game.php?id=847329"]
[Date "2010.10.17"]
[Round "-"]
[White "pavol1090321"]
[Black "arkadiusz42"]
[Result "0-1"]
[WhiteElo "1893"]
[BlackElo "1522"]

1. e4 e5 2. Qh5 g5 3. Bc4 Nh6 4. Nf3 Rg8 5. Nxe5 Qe7 6. d4 d6 7. h4 dxe5 8. hxg5
Ng4 9. Bxf7+ Qxf7 10. Qxf7+ Kxf7 11. f3 exd4 12. fxg4 Bxg4 13. Rxh7+ Bg7 14. Bf4
Na6 15. a3 Rae8 16. Nd2 Kg6 17. Rh4 Bh5 18. g4 Bxg4 19. Rxg4 Rh8 20. O-O-O Be5
21. Rf1 Nc5 0-1

[Event "Challenge"]
[Site "http://www.queenalice.com/game.php?id=850288"]
[Date "2010.10.24"]
[Round "-"]
[White "filomenos"]
[Black "pavol1090321"]
[Result "1-0"]
[WhiteElo "1878"]
[BlackElo "1920"]

1. d4 d5 2. g3 Be6 3. Bg2 g6 4. Nf3 Bg7 5. c3 h6 6. Bf4 g5 7. Bc1 Qd7 8. Nbd2
Bh3 9. Bxh3 Qxh3 10. e3 g4 11. Nh4 Bf6 12. Qe2 c6 13. f3 Bxh4 14. gxh4 Qxh4+ 15.
Qf2 Qxf2+ 16. Kxf2 gxf3 17. Nxf3 1-0

[Event "Challenge"]
[Site "http://www.queenalice.com/game.php?id=850291"]
[Date "2010.10.24"]
[Round "-"]
[White "pavol1090321"]
[Black "filomenos"]
[Result "0-1"]
[WhiteElo "1939"]
[BlackElo "1863"]

1. e4 d5 2. Qf3 dxe4 3. Qxe4 g6 4. Qe5 Nf6 5. b3 Bg7 6. Bb2 Nc6 7. Qe2 O-O 8.
Na3 a6 9. O-O-O Bf5 10. f3 Qd6 11. Qf2 Qf4 12. Ne2 Ng4 13. Qh4 g5 14. Nxf4 gxh4
15. fxg4 Bxg4 16. Re1 e6 0-1